[Event "?"]
[Site "?"]
[Date "2011.06.02"]
[Round "2.44"]
[White "Reichert, Ferdinand"]
[Black "Schreiber, Winfried"]
[Result "1-0"]
[WhiteElo "1494"]
[BlackElo "1646"]
[PlyCount "51"]
[EventDate "2011.??.??"]

1. e4 c5 2. f4 Nc6 3. Nf3 e6 4. Bb5 Nf6 5. Nc3 a6 6. Bxc6 bxc6 7. O-O Be7 8. e5
Nd5 9. Nxd5 cxd5 10. c3 O-O 11. d4 c4 12. b3 Qc7 13. Qc2 Rb8 14. Bd2 f6 15.
Rab1 fxe5 16. fxe5 d6 17. bxc4 dxc4 18. exd6 Bxd6 19. Ng5 Bxh2+ 20. Kh1 Rxf1+
21. Rxf1 g6 22. Qe4 Rb6 23. Bc1 Bb7 24. Nxe6 Rxe6 25. Qxe6+ Kg7 26. Qf6+ 1-0

[Event "?"]
[Site "?"]
[Date "2011.06.02"]
[Round "2.45"]
[White "Grüneschild, Hildegard"]
[Black "Grözinger, Werner"]
[Result "1-0"]
[WhiteElo "1645"]
[BlackElo "1417"]
[PlyCount "97"]
[EventDate "2011.??.??"]

1. c4 e6 2. Nc3 g6 3. g3 Bg7 4. Bg2 c6 5. d4 Ne7 6. e4 O-O 7. Nge2 b6 8. O-O d5
9. cxd5 exd5 10. Be3 Bb7 11. Qd2 f6 12. Bh6 Rf7 13. Bxg7 Rxg7 14. Nf4 Bc8 15.
exd5 g5 16. Ne6 Bxe6 17. dxe6 Nf5 18. d5 Qd6 19. Ne4 Qe7 20. Rad1 a5 21. Qc3
Rg6 22. Bh3 Nd6 23. Nxd6 Qxd6 24. Bf5 Rg7 25. Qxf6 c5 26. Qh6 Raa7 27. Qh5 Na6
28. Qe8+ Qf8 29. Qxf8+ Kxf8 30. d6 Ra8 31. d7 Ke7 32. Rfe1 Nb4 33. a3 Na6 34.
Bg4 Rd8 35. Re5 h6 36. Red5 Nc7 37. Rd6 h5 38. Bf5 Kf6 39. g4 hxg4 40. Bxg4 Re7
41. Rxb6 Nxe6 42. Bxe6 Rxe6 43. Rb3 Ke7 44. Rbd3 Re2 45. b3 Re6 46. Rd5 Rb6 47.
R1d3 Rc6 48. Rxg5 Rxd7 49. Rg7+ 1-0

[Event "?"]
[Site "?"]
[Date "2011.06.02"]
[Round "2.46"]
[White "Aleman, Tilman"]
[Black "Lin, Jean-Claude"]
[Result "1-0"]
[WhiteElo "1629"]
[BlackElo "1348"]
[PlyCount "81"]
[EventDate "2011.??.??"]

1. c4 c5 2. Nf3 Nf6 3. Nc3 Nc6 4. d4 cxd4 5. Nxd4 e5 6. Nxc6 bxc6 7. e4 h6 8.
a3 Bb7 9. Be3 Be7 10. Be2 O-O 11. O-O d5 12. Qc2 d4 13. Rfd1 Qc7 14. Bxd4 exd4
15. Rxd4 Bc5 16. Rdd1 Rae8 17. Rab1 Bd6 18. g3 Re6 19. b4 c5 20. Nd5 Nxd5 21.
exd5 Re7 22. Bf1 Rfe8 23. Qd3 Bc8 24. bxc5 Bxc5 25. d6 Bxf2+ 26. Kxf2 Qc5+ 27.
Qd4 Qf5+ 28. Qf4 Qc5+ 29. Qd4 Qf5+ 30. Kg1 Rd7 31. c5 Red8 32. Bb5 Rb7 33. Bd3
Qf3 34. Be4 Qxa3 35. Bxb7 Bh3 36. c6 Rb8 37. d7 Kh7 38. Qd3+ Qxd3 39. Rxd3 Bf5
40. Rbd1 Bxd3 41. Rxd3 1-0

[Event "?"]
[Site "?"]
[Date "2011.06.02"]
[Round "2.47"]
[White "Wunder, Anton"]
[Black "Ziegler, Michael"]
[Result "0-1"]
[WhiteElo "1423"]
[BlackElo "1626"]
[PlyCount "130"]
[EventDate "2011.??.??"]

1. d4 Nf6 2. c4 d6 3. Nf3 g6 4. e3 Bg7 5. Nc3 O-O 6. Be2 Re8 7. O-O Nbd7 8. Bd2
e5 9. d5 Nb6 10. b3 Bd7 11. e4 Qc8 12. Ne1 a6 13. Qc2 c6 14. a4 a5 15. f4 cxd5
16. cxd5 Qc5+ 17. Kh1 Rac8 18. Qd3 Ng4 19. Bxg4 Bxg4 20. h3 Bd7 21. Rc1 exf4
22. Rxf4 Qa3 23. Nb5 Bxb5 24. Qxb5 Bh6 25. Rxc8 Rxc8 26. Rf2 Bxd2 27. Rxd2 Rc1
28. Re2 Qc5 29. Qxc5 dxc5 30. Kh2 c4 31. bxc4 Nxa4 32. Nc2 Nc5 33. e5 Kf8 34.
Na3 Rc3 35. Ra2 Re3 36. Nb5 b6 37. Nd6 Rxe5 38. Nc8 Nd7 39. Rb2 Re4 40. Nxb6
Nxb6 41. Rxb6 Rxc4 42. d6 Rd4 43. Kg3 Kg7 44. Kf3 a4 45. Ke3 Rd1 46. Ra6 a3 47.
Ke4 a2 48. Rxa2 Rxd6 49. Kf3 Kf6 50. Ra7 h6 51. g4 Rd4 52. Ke3 Rb4 53. Ra6+ Kg5
54. Kf3 Kh4 55. Ra1 Rb3+ 56. Kg2 Rxh3 57. Rf1 Rg3+ 58. Kh2 Rxg4 59. Rxf7 Rb4
60. Rh7 h5 61. Rg7 g5 62. Rf7 g4 63. Rh7 Rb2+ 64. Kh1 g3 65. Rg7 Kh3 0-1

[Event "?"]
[Site "?"]
[Date "2011.06.02"]
[Round "2.48"]
[White "Brunki, Alexander"]
[Black "Griesche, Veit"]
[Result "1-0"]
[WhiteElo "1622"]
[BlackElo "1342"]
[PlyCount "49"]
[EventDate "2011.??.??"]

1. e4 e5 2. Nf3 Nc6 3. Bc4 Nf6 4. Ng5 d5 5. exd5 Nd4 6. d6 Qxd6 7. Bxf7+ Ke7 8.
Bb3 Nxb3 9. axb3 h6 10. Nf3 Bg4 11. h3 Bh5 12. g4 Bg6 13. d3 Kf7 14. Nc3 Be7
15. Be3 a6 16. Qd2 e4 17. dxe4 Qxd2+ 18. Nxd2 Bb4 19. f3 Rad8 20. O-O-O Rd7 21.
Nc4 Ke6 22. Ne2 Bh7 23. c3 Bd6 24. Nd4+ Kf7 25. e5 1-0

[Event "?"]
[Site "?"]
[Date "2011.06.02"]
[Round "2.49"]
[White "Beck, Jens"]
[Black "Krebs, Thomas"]
[Result "0-1"]
[WhiteElo "1379"]
[BlackElo "1621"]
[PlyCount "76"]
[EventDate "2011.??.??"]

1. e4 c5 2. Nf3 d6 3. d4 cxd4 4. Nxd4 Nf6 5. Nc3 g6 6. f3 a6 7. Be3 Bg7 8. Qd2
O-O 9. O-O-O Bd7 10. g4 Nc6 11. h4 h5 12. gxh5 Nxh5 13. Be2 Rc8 14. Nxc6 Rxc6
15. Bd4 e5 16. Be3 Be6 17. Bh6 Qa5 18. Bxg7 Kxg7 19. f4 Nxf4 20. h5 g5 21. Rdg1
f6 22. Rg3 Kh6 23. Rh2 Bxa2 24. Nxa2 Qxa2 25. Ra3 Qe6 26. Qd1 Qc8 27. Bg4 Qc7
28. Rd2 b5 29. Rb3 Rb8 30. Bf5 b4 31. Rf2 a5 32. Qe1 a4 33. Re3 Qa7 34. Qd2 b3
35. c3 Ra6 36. Kd1 a3 37. bxa3 Rxa3 38. Rxf4 Ra1+ 0-1

[Event "?"]
[Site "?"]
[Date "2011.06.03"]
[Round "3.1"]
[White "Haro, Niel"]
[Black "Paschmann, Stefan"]
[Result "0-1"]
[WhiteElo "1519"]
[BlackElo "1873"]
[PlyCount "48"]
[EventDate "2011.??.??"]

1. d4 d5 2. c4 c6 3. cxd5 cxd5 4. Nc3 Nc6 5. e3 Nf6 6. Bd3 e6 7. a3 Be7 8. Qc2
O-O 9. Nf3 Bd6 10. Bd2 e5 11. dxe5 Nxe5 12. Nd4 Nxd3+ 13. Qxd3 Re8 14. h3 Be5
15. g4 Ne4 16. Rf1 Nc5 17. Qb5 Bxd4 18. O-O-O Bd7 19. Qe2 Bxc3 20. Bxc3 Ba4 21.
Rde1 d4 22. Qc4 Nb3+ 23. Kc2 b5 24. Qd3 Nc5+ 0-1

[Event "?"]
[Site "?"]
[Date "2011.06.03"]
[Round "3.2"]
[White "Riegel, Frank"]
[Black "Schreiber, Stephan"]
[Result "1-0"]
[WhiteElo "1872"]
[BlackElo "1718"]
[PlyCount "69"]
[EventDate "2011.??.??"]

1. e4 c5 2. c4 d6 3. Nc3 Nf6 4. d3 e6 5. g3 Nc6 6. Bg2 Qc7 7. Nge2 Be7 8. O-O
O-O 9. h3 a6 10. g4 Rb8 11. f4 h6 12. g5 hxg5 13. fxg5 Nh7 14. h4 e5 15. Ng3 g6
16. Be3 Qd7 17. Nd5 Qg4 18. Qe1 Qxh4 19. Nf5 Qxe1 20. Nfxe7+ Kg7 21. Raxe1 Be6
22. Rf2 Rfe8 23. Nxc6 bxc6 24. Nc7 Re7 25. Nxe6+ Rxe6 26. Ref1 f6 27. Bh3 f5
28. exf5 gxf5 29. Bxf5 Re7 30. Bxh7 Kxh7 31. Rf7+ Rxf7 32. Rxf7+ Kg8 33. g6
Rxb2 34. Bh6 Rb8 35. Rf6 1-0

[Event "?"]
[Site "?"]
[Date "2011.06.03"]
[Round "3.3"]
[White "Winkler, Tim"]
[Black "Hartmann, Anatoli"]
[Result "1-0"]
[WhiteElo "1814"]
[BlackElo "1697"]
[PlyCount "109"]
[EventDate "2011.??.??"]

1. e4 e6 2. d4 c6 3. Nf3 d5 4. exd5 cxd5 5. Bd3 Nc6 6. c3 Nf6 7. Bg5 Be7 8.
Nbd2 h6 9. Bh4 a6 10. O-O b5 11. a3 Bd7 12. Ne5 Nxe5 13. dxe5 Ng8 14. Bg3 Bc5
15. Qg4 g6 16. Nb3 h5 17. Qe2 Bb6 18. Kh1 Nh6 19. f3 Nf5 20. Bf2 Bxf2 21. Rxf2
Qh4 22. Kg1 Qd8 23. g4 hxg4 24. fxg4 Qg5 25. Qf3 Rh4 26. h3 O-O-O 27. Rh2 Rdh8
28. Re1 Nh6 29. Ree2 Nxg4 30. hxg4 Rxg4+ 31. Rhg2 Rhh4 32. Qxf7 Rxg2+ 33. Rxg2
Qe3+ 34. Qf2 Qh3 35. Qg3 Qh1+ 36. Kf2 Rh3 37. Qxg6 Rh8 38. Qg7 Qh4+ 39. Ke2 Rd8
40. Nc5 d4 41. Nxd7 Rxd7 42. Qg8+ Kc7 43. Qxe6 Qf4 44. cxd4 Qxd4 45. Qb3 Qxe5+
46. Kd2 Qf4+ 47. Kc2 Kb7 48. Qe6 Qc7+ 49. Kd2 Qf4+ 50. Qe3 Qf1 51. Rg7 Qf5 52.
Kc2 Qxd3+ 53. Qxd3 Rxg7 54. Qd5+ Kc8 55. Qa8+ 1-0

[Event "?"]
[Site "?"]
[Date "2011.06.03"]
[Round "3.4"]
[White "Munk, Werner"]
[Black "Rieder, Josef"]
[Result "1/2-1/2"]
[WhiteElo "1717"]
[BlackElo "1851"]
[PlyCount "51"]
[EventDate "2011.??.??"]

1. Nf3 c5 2. g3 Nf6 3. Bg2 Nc6 4. O-O d5 5. d3 e5 6. Nbd2 Be7 7. e4 dxe4 8.
dxe4 O-O 9. c3 h6 10. Qc2 Be6 11. b3 Qc7 12. Re1 Rad8 13. Nf1 b5 14. Ne3 Rfe8
15. Bb2 c4 16. b4 a5 17. a3 a4 18. Rad1 Rxd1 19. Rxd1 Rd8 20. Nh4 g6 21. Bc1
Rxd1+ 22. Qxd1 Qd7 23. Qxd7 Nxd7 24. Nd5 Bd8 25. Be3 Kg7 26. Kf1 1/2-1/2

[Event "?"]
[Site "?"]
[Date "2011.06.03"]
[Round "3.5"]
[White "Ruff, Robert"]
[Black "Lebeda, Lukas"]
[Result "1-0"]
[WhiteElo "1785"]
[BlackElo "1681"]
[PlyCount "35"]
[EventDate "2011.??.??"]

1. d4 d5 2. c4 c6 3. Nf3 Nf6 4. Nc3 g6 5. Bf4 Bg7 6. e3 O-O 7. Rc1 Nbd7 8. Be2
b6 9. O-O Bb7 10. cxd5 Nxd5 11. Nxd5 cxd5 12. Bc7 Qe8 13. Qa4 Ne5 14. Bb5 Nxf3+
15. gxf3 Qc8 16. Bd7 Bc6 17. Qxc6 Qa6 18. Qxd5 1-0

[Event "?"]
[Site "?"]
[Date "2011.06.03"]
[Round "3.6"]
[White "Büchele, Markus"]
[Black "Schmidt, Tobias"]
[Result "1/2-1/2"]
[WhiteElo "1783"]
[BlackElo "1580"]
[PlyCount "45"]
[EventDate "2011.??.??"]

1. d4 d5 2. Nf3 Nf6 3. e3 e6 4. Bd3 c5 5. b3 b6 6. Nbd2 Bb7 7. Bb2 Nbd7 8. O-O
Be7 9. Ne5 O-O 10. f4 Ne4 11. Kh1 f5 12. Ndf3 Ndf6 13. Qe1 Rc8 14. Rd1 Qe8 15.
Ng5 Nxg5 16. fxg5 Ne4 17. Bxe4 fxe4 18. dxc5 bxc5 19. Rxf8+ Kxf8 20. Qh4 Kg8
21. Rf1 Rc7 22. Qg4 Bd6 23. Qf4 1/2-1/2

[Event "?"]
[Site "?"]
[Date "2011.06.03"]
[Round "3.7"]
[White "Tölg, Wolfgang"]
[Black "Rausch, Adrian"]
[Result "1-0"]
[WhiteElo "1776"]
[BlackElo "1469"]
[PlyCount "155"]
[EventDate "2011.??.??"]

1. e4 e6 2. d4 d5 3. e5 c5 4. c3 Nc6 5. f4 Qa5 6. Nf3 cxd4 7. Nxd4 Nxd4 8. Qxd4
Bc5 9. Qd3 Qb6 10. Qb5+ Bd7 11. Qxb6 Bxb6 12. Nd2 Ne7 13. Nf3 f6 14. Nd4 fxe5
15. fxe5 Ng6 16. Be2 Nxe5 17. Bf4 Nf7 18. Bg3 e5 19. Nc2 Bf5 20. Nb4 Be4 21.
Bf3 Bxf3 22. gxf3 O-O-O 23. Rd1 d4 24. cxd4 Rxd4 25. Nd3 e4 26. fxe4 Rxe4+ 27.
Kd2 Rhe8 28. Rc1+ Kd8 29. Kc2 Re2+ 30. Kb1 Rd2 31. Rhd1 Rxd1 32. Rxd1 Ke7 33.
Nf4 Kf8 34. Rd7 g5 35. Nd5 Rd8 36. Rxd8+ Bxd8 37. Bf2 a6 38. Kc2 h5 39. Kd3 h4
40. Bc5+ Kg7 41. Ke4 Bf6 42. Bd4 Bxd4 43. Kxd4 Kg6 44. Ke4 Nd6+ 45. Kf3 Nc4 46.
b3 Nd2+ 47. Ke2 g4 48. Kxd2 g3 49. hxg3 hxg3 50. Ke2 Kf5 51. Kf3 Ke5 52. Nc3
Kd4 53. Ne2+ Kd3 54. Nxg3 Kc2 55. Ke3 Kb2 56. Kd3 Kxa2 57. Kc4 b5+ 58. Kc3 a5
59. Ne4 b4+ 60. Kc4 Kb2 61. Nc5 Kc2 62. Kb5 Kc3 63. Kxa5 Kd4 64. Kxb4 Kd5 65.
Kb5 Kd6 66. Kb6 Ke7 67. Kc7 Ke8 68. b4 Ke7 69. b5 Ke8 70. b6 Ke7 71. b7 Ke8 72.
b8=Q+ Ke7 73. Qb6 Ke8 74. Qd6 Kf7 75. Kd7 Kg7 76. Ke7 Kh8 77. Kf7 Kh7 78. Qh2#
1-0

[Event "?"]
[Site "?"]
[Date "2011.06.03"]
[Round "3.8"]
[White "Pelezki, Sergej"]
[Black "Keller, Marcel"]
[Result "1-0"]
[WhiteElo "1897"]
[BlackElo "1755"]
[PlyCount "53"]
[EventDate "2011.??.??"]

1. e4 d6 2. Nf3 g6 3. d4 Nf6 4. Nc3 Bg7 5. Bc4 O-O 6. h3 b6 7. Be3 Bb7 8. e5
Nfd7 9. e6 fxe6 10. Bxe6+ Kh8 11. Ng5 Qe8 12. O-O Nf6 13. Bb3 Bc8 14. Ne6 Bxe6
15. Bxe6 Nc6 16. Qe2 Nd8 17. Bb3 e5 18. Qc4 exd4 19. Bxd4 c5 20. Rfe1 Qd7 21.
Bxf6 Bxf6 22. Rad1 Bd4 23. Ne4 Nc6 24. c3 Na5 25. Qd5 Nxb3 26. axb3 Be5 27.
Qxe5+ 1-0

[Event "?"]
[Site "?"]
[Date "2011.06.03"]
[Round "3.9"]
[White "Haug, Siegmund"]
[Black "Martin, Richard"]
[Result "1-0"]
[WhiteElo "1894"]
[BlackElo "1686"]
[PlyCount "61"]
[EventDate "2011.??.??"]

1. d4 d5 2. e4 c6 3. Nc3 e6 4. e5 c5 5. Nf3 Nc6 6. Bb5 Bd7 7. O-O cxd4 8. Nxd4
Nge7 9. f4 Nxd4 10. Bxd7+ Qxd7 11. Qxd4 Nf5 12. Qd3 Bc5+ 13. Kh1 h5 14. Bd2 h4
15. Be1 a6 16. Bf2 Bxf2 17. Rxf2 Qc6 18. Rd1 Rd8 19. Rfd2 h3 20. g4 d4+ 21. Ne4
Ne3 22. Rg1 f5 23. exf6 gxf6 24. Rg3 Kf7 25. Kg1 Qb6 26. g5 Qxb2 27. gxf6 Qc1+
28. Kf2 Qh1 29. Rg7+ Ke8 30. Ng3 Qxh2+ 31. Kf3 1-0

[Event "?"]
[Site "?"]
[Date "2011.06.03"]
[Round "3.10"]
[White "Schömbs, Oliver"]
[Black "Divkovic, Mario"]
[Result "1-0"]
[WhiteElo "1884"]
[BlackElo "1378"]
[PlyCount "63"]
[EventDate "2011.??.??"]

1. d4 Nf6 2. c4 e6 3. Nf3 d5 4. Nc3 c6 5. Bg5 dxc4 6. e4 Be7 7. Bxc4 O-O 8. Qd2
Ng4 9. Bxe7 Qxe7 10. e5 c5 11. O-O-O cxd4 12. Qxd4 Nh6 13. Qd6 Nc6 14. Bb5 Nf5
15. Qd2 Qc7 16. Rhe1 Nb4 17. Kb1 a6 18. Ba4 b5 19. Bb3 Bb7 20. Qf4 Nc6 21. Nd5
Qa5 22. g4 Nce7 23. Nf6+ gxf6 24. gxf5 exf5 25. exf6 Kh8 26. Rxe7 Be4+ 27. Ka1
Rac8 28. Ng5 Qb6 29. Nxe4 fxe4 30. Qh6 Rg8 31. Rxf7 Qa5 32. Rxh7# 1-0

[Event "?"]
[Site "?"]
[Date "2011.06.03"]
[Round "3.11"]
[White "Werner, Stefan"]
[Black "Michna, Marcus"]
[Result "1-0"]
[WhiteElo "1707"]
[BlackElo "1869"]
[PlyCount "51"]
[EventDate "2011.??.??"]

1. e4 c5 2. Nf3 Nc6 3. d4 cxd4 4. Nxd4 Qb6 5. Nb3 Nf6 6. Nc3 e6 7. Be3 Qc7 8.
a3 Be7 9. f3 a6 10. g4 d6 11. g5 Nd7 12. Qd2 Nce5 13. Be2 b5 14. Qd4 O-O 15. f4
Nc6 16. Qd2 Bb7 17. O-O-O Nb6 18. Rhf1 b4 19. axb4 Nxb4 20. f5 Rfc8 21. f6 Bxe4
22. Nxe4 Qxc2+ 23. Qxc2 Rxc2+ 24. Kb1 Na4 25. Rd2 Rac8 26. fxe7 1-0

[Event "?"]
[Site "?"]
[Date "2011.06.03"]
[Round "3.12"]
[White "Häfele, Torsten"]
[Black "Rühl, Volker"]
[Result "1/2-1/2"]
[WhiteElo "1574"]
[BlackElo "1837"]
[PlyCount "43"]
[EventDate "2011.??.??"]

1. e4 d5 2. exd5 Nf6 3. Nc3 Nxd5 4. Nxd5 Qxd5 5. d4 Nc6 6. c3 e5 7. Nf3 Bg4 8.
Be2 exd4 9. O-O O-O-O 10. cxd4 Be7 11. Be3 Bf6 12. b3 Kb8 13. Qc2 Bf5 14. Qd2
h6 15. Rfd1 g5 16. Rac1 Rhg8 17. Rc5 Qd7 18. d5 Ne5 19. Nd4 Be7 20. Bb5 Qc8 21.
Nxf5 Qxf5 22. Rxc7 1/2-1/2

[Event "?"]
[Site "?"]
[Date "2011.06.03"]
[Round "3.13"]
[White "Malcan, Oener"]
[Black "Bried, Martin"]
[Result "1-0"]
[WhiteElo "1601"]
[BlackElo "1798"]
[PlyCount "95"]
[EventDate "2011.??.??"]

1. Nf3 c5 2. b3 Nf6 3. Bb2 Nc6 4. e3 d5 5. d4 Bg4 6. Be2 e6 7. O-O Be7 8. Nbd2
O-O 9. c4 cxd4 10. exd4 Rc8 11. Rc1 a6 12. Ne5 Bxe2 13. Qxe2 Re8 14. f4 dxc4
15. Nxc6 Rxc6 16. bxc4 Qc7 17. Nf3 Qa5 18. Ne5 Rc7 19. Bc3 Qa4 20. Rb1 b5 21.
c5 Nd5 22. Ba1 b4 23. f5 exf5 24. Rxf5 f6 25. Nf3 Qd7 26. Qe4 Nc3 27. Bxc3 bxc3
28. Qd5+ Qxd5 29. Rxd5 Bf8 30. Rc1 Re2 31. Rxc3 Rxa2 32. Rd3 Rb7 33. Rd2 Rb1+
34. Kf2 Rxd2+ 35. Nxd2 Rb2 36. Ke1 g6 37. Rd8 Kf7 38. g3 Bh6 39. Nf1 a5 40. Ra8
Ra2 41. Ra7+ Ke6 42. Rxh7 Bc1 43. Kd1 Bb2 44. c6 Bxd4 45. c7 Ra1+ 46. Kd2 Bc3+
47. Kd3 Rd1+ 48. Kc2 1-0

[Event "?"]
[Site "?"]
[Date "2011.06.03"]
[Round "3.15"]
[White "Tansek, Branko"]
[Black "Uhlarz, Jörg"]
[Result "0-1"]
[WhiteElo "1560"]
[BlackElo "1775"]
[PlyCount "49"]
[EventDate "2011.??.??"]

1. d4 f5 2. e3 Nf6 3. c4 e6 4. Nf3 Be7 5. Nc3 d5 6. Ne5 O-O 7. c5 Nbd7 8. c6
Nxe5 9. dxe5 Ne4 10. Bb5 a6 11. cxb7 Bxb7 12. Be2 Bb4 13. Qc2 d4 14. a3 Ba5 15.
exd4 Qxd4 16. Be3 Qxe5 17. O-O Bxc3 18. f3 Ng3 19. hxg3 Qxe3+ 20. Kh1 Qh6+ 21.
Kg1 Bd4+ 22. Rf2 c5 23. Rd1 Bd5 24. Rxd4 cxd4 25. Qc5 0-1

[Event "?"]
[Site "?"]
[Date "2011.06.03"]
[Round "3.16"]
[White "Notz, Lukas"]
[Black "Tönjes, Jürgen"]
[Result "1-0"]
[WhiteElo "1445"]
[BlackElo "1768"]
[PlyCount "105"]
[EventDate "2011.??.??"]

1. d4 d5 2. Nf3 Nf6 3. Bf4 Bf5 4. e3 e6 5. Bd3 Bg6 6. c3 Bd6 7. Bxd6 Qxd6 8.
Qe2 Nbd7 9. Nbd2 c6 10. e4 dxe4 11. Bxe4 Nxe4 12. Nxe4 Bxe4 13. Qxe4 Qd5 14.
Qxd5 cxd5 15. Kd2 O-O 16. h4 h5 17. Ne5 Nxe5 18. dxe5 Rac8 19. b3 Rfd8 20. Rhg1
a5 21. a4 Rc5 22. Kd3 d4 23. c4 Rxe5 24. Rae1 Rf5 25. f3 Rf4 26. Re5 Rf5 27.
Rxf5 exf5 28. Re1 b6 29. Re5 g6 30. f4 Rd6 31. g3 Kf8 32. c5 bxc5 33. Rxc5 Ra6
34. Kxd4 Ke7 35. Rc7+ Ke6 36. Kc5 Ra8 37. Rc6+ Ke7 38. Kb5 Rd8 39. Kxa5 Rd3 40.
b4 Rxg3 41. b5 Rb3 42. Rc4 Kd7 43. Ka6 Re3 44. b6 Kd6 45. b7 Rb3 46. Rc8 Kd5
47. b8=Q Rxb8 48. Rxb8 Ke4 49. Rb4+ Kf3 50. Kb5 Kg4 51. a5 Kxh4 52. a6 Kg3 53.
a7 1-0

[Event "?"]
[Site "?"]
[Date "2011.06.03"]
[Round "3.18"]
[White "Gheng, Christian"]
[Black "Muench, Werner"]
[Result "1-0"]
[WhiteElo "1679"]
[BlackElo "1884"]
[PlyCount "59"]
[EventDate "2011.??.??"]

1. e4 c5 2. Nf3 Nc6 3. d4 cxd4 4. Nxd4 e5 5. Nb5 Nf6 6. N1c3 h6 7. Nd5 Nxd5 8.
exd5 a6 9. Nc3 Nd4 10. Be3 Nf5 11. Bd3 Nxe3 12. fxe3 Bb4 13. O-O Bxc3 14. bxc3
d6 15. Qd2 O-O 16. Rf2 Qa5 17. e4 Bd7 18. Rf3 Rac8 19. Be2 f5 20. exf5 Rxf5 21.
Rg3 Rg5 22. Rxg5 hxg5 23. Qxg5 Qxc3 24. Rf1 Qd4+ 25. Kh1 Qxd5 26. Bd3 Bb5 27.
Qf5 Bxd3 28. Qxc8+ Kh7 29. Qh3+ Kg8 30. Qxd3 1-0

[Event "?"]
[Site "?"]
[Date "2011.06.03"]
[Round "3.19"]
[White "Ellinger, Harald"]
[Black "Tsybulevsky, Jury"]
[Result "1-0"]
[WhiteElo "1854"]
[BlackElo "1674"]
[PlyCount "149"]
[EventDate "2011.??.??"]

1. Nf3 Nf6 2. d4 g6 3. c4 Bg7 4. Nc3 d6 5. e4 O-O 6. h3 Nbd7 7. Be3 b6 8. Be2
c5 9. d5 Ne8 10. Qd2 Ndf6 11. Bh6 Rb8 12. Bxg7 Kxg7 13. a4 Bd7 14. g4 Bc8 15.
g5 Nd7 16. h4 Ne5 17. Nxe5 dxe5 18. h5 Nd6 19. O-O-O a6 20. f3 Bd7 21. hxg6
hxg6 22. Rh6 Rh8 23. Rdh1 Qc7 24. Bd3 Rxh6 25. Rxh6 Rh8 26. Rxh8 Kxh8 27. Qh2+
Kg8 28. Qxe5 e6 29. Qh2 Nb5 30. Qxc7 Nxc7 31. d6 Ne8 32. e5 Ng7 33. Be4 Kf8 34.
Bb7 a5 35. b3 Nf5 36. Ne2 Ke8 37. Kd2 Kd8 38. Kd3 Bc8 39. Be4 Ng7 40. Nf4 Nf5
41. Bxf5 gxf5 42. g6 fxg6 43. Nxg6 Ke8 44. Ke3 Bb7 45. Kf4 Ba8 46. Nh4 Kd7 47.
Ng6 Ke8 48. Nh4 Bc6 49. Ng2 Kd7 50. Ne3 Bb7 51. Nd1 Bc6 52. Nc3 Bb7 53. Nb5 Bc6
54. Nc7 Bb7 55. Kg3 Bc6 56. Kf4 Bb7 57. Nb5 Bc6 58. Nc3 Bb7 59. Ne2 Bc6 60. Ng3
Ke8 61. Nh5 Bb7 62. Nf6+ Kd8 63. Nh7 Ke8 64. Ng5 Kd7 65. Kg3 Bc6 66. Kh4 Bb7
67. Kh5 Bc6 68. Kg6 Bb7 69. Kf6 Bc6 70. Nxe6 Bxf3 71. Nf8+ Kc6 72. d7 Kc7 73.
Ke7 Bh5 74. d8=Q+ Kb7 75. Nd7 1-0

[Event "?"]
[Site "?"]
[Date "2011.06.03"]
[Round "3.20"]
[White "Wezel, Sebastian"]
[Black "Grüneschild, Hildegard"]
[Result "1-0"]
[WhiteElo "1848"]
[BlackElo "1645"]
[PlyCount "59"]
[EventDate "2011.??.??"]

1. e4 c5 2. Nf3 d6 3. d4 cxd4 4. Nxd4 Nf6 5. Nc3 a6 6. Bg5 Nbd7 7. f4 Qa5 8.
Nb3 Qc7 9. Qf3 e5 10. O-O-O exf4 11. Nd4 Be7 12. Nf5 Bf8 13. Qxf4 Ne5 14. Nxg7+
Bxg7 15. Bxf6 Bxf6 16. Qxf6 Rg8 17. Rxd6 Ng4 18. Qd4 Qe7 19. Be2 Qg5+ 20. Kb1
Be6 21. Qa4+ Ke7 22. Qb4 Kf6 23. Nd5+ Ke5 24. h4 Qg6 25. Bd3 Nf2 26. Ne7 Qxg2
27. Qd4+ Kf4 28. Qf6+ Ke3 29. Re1+ Kd2 30. Qc3# 1-0

[Event "?"]
[Site "?"]
[Date "2011.06.03"]
[Round "3.21"]
[White "Ostertag, Stephan"]
[Black "Aleman, Tilman"]
[Result "1-0"]
[WhiteElo "1835"]
[BlackElo "1629"]
[PlyCount "39"]
[EventDate "2011.??.??"]

1. e4 e6 2. d4 d5 3. Nd2 Nf6 4. e5 Nfd7 5. Bd3 c5 6. c3 Nc6 7. Ne2 Nb6 8. Nf3
Bd7 9. O-O Rc8 10. Bg5 Be7 11. Bxe7 Qxe7 12. Rc1 O-O 13. Ng3 cxd4 14. cxd4 Qb4
15. h4 Kh8 16. Bxh7 Nxd4 17. Ng5 Bb5 18. Qh5 Ne2+ 19. Nxe2 Bxe2 20. f3 1-0

[Event "?"]
[Site "?"]
[Date "2011.06.03"]
[Round "3.22"]
[White "Ziegler, Michael"]
[Black "Pocrnic, Josip"]
[Result "0-1"]
[WhiteElo "1626"]
[BlackElo "1824"]
[PlyCount "108"]
[EventDate "2011.??.??"]

1. e4 c5 2. Nf3 Nc6 3. d4 cxd4 4. Nxd4 d6 5. c3 Nf6 6. Bd3 g6 7. Nxc6 bxc6 8.
O-O Bg7 9. Be3 O-O 10. f3 Qc7 11. Nd2 a5 12. a4 Ba6 13. Bxa6 Rxa6 14. Qe2 Qb7
15. Rfb1 Nd7 16. Ra3 Raa8 17. b4 Qc7 18. Nc4 Rfb8 19. Rbb3 Bxc3 20. bxa5 Bb4
21. Bb6 Bc5+ 22. Bxc5 Nxc5 23. Rxb8+ Qxb8 24. Qc2 Qb4 25. Ra1 d5 26. exd5 cxd5
27. Nb2 Rxa5 28. Kf1 e6 29. Ke2 Nb3 30. Qc8+ Kg7 31. Rd1 Rc5 32. Qd7 Qc3 33.
Nd3 Qc4 34. Qb7 Rc7 35. Qb6 Rc6 36. Qb7 Qxa4 37. Nb4 Rc4 38. Nd3 Rc2+ 39. Ke1
Qh4+ 40. Kf1 Qc4 41. Qb4 Rc1 42. Rxc1 Qxd3+ 43. Kf2 Nxc1 44. Qb2+ d4 45. Qxc1
e5 46. h4 h5 47. Qe1 Qc2+ 48. Kg3 Qf5 49. Kf2 g5 50. hxg5 Qxg5 51. Qe4 h4 52.
f4 Qg3+ 53. Kf1 Qxf4+ 54. Qxf4 exf4 0-1

[Event "?"]
[Site "?"]
[Date "2011.06.03"]
[Round "3.23"]
[White "Steimbach, Isabel"]
[Black "Drapchin, Marc"]
[Result "1-0"]
[WhiteElo "1556"]
[BlackElo "1820"]
[PlyCount "72"]
[EventDate "2011.??.??"]

1. e4 e6 2. d4 c6 3. Nf3 d5 4. e5 Nd7 5. Be2 Ne7 6. O-O Ng6 7. Re1 Be7 8. c3 b5
9. Na3 a5 10. Nc2 b4 11. Bd2 bxc3 12. bxc3 Nb6 13. Rb1 Ba6 14. Bxa6 Rxa6 15.
Qe2 Ra8 16. Ne3 O-O 17. c4 Nc8 18. c5 a4 19. Qd1 Qc7 20. Rb4 Qa7 21. Qc2 Qa6
22. Nd1 Na7 23. Rxa4 Qc8 24. Nc3 Nh4 25. Nxh4 Bxh4 26. Rb1 f5 27. g3 Bd8 28.
Qb2 Nb5 29. Rxa8 Qxa8 30. Nxb5 cxb5 31. Qxb5 Qxa2 32. Be3 Qc2 33. Rc1 Qe4 34.
Qd7 Ba5 35. Qxe6+ Kh8 36. c6 h5 1-0

[Event "?"]
[Site "?"]
[Date "2011.06.03"]
[Round "3.25"]
[White "Bauer, Dieter"]
[Black "Pfeilsticker, Thorsten"]
[Result "1-0"]
[WhiteElo "1789"]
[BlackElo "1595"]
[PlyCount "75"]
[EventDate "2011.??.??"]

1. c4 Nf6 2. Nc3 e6 3. g3 Bb4 4. Bg2 Bxc3 5. bxc3 Nc6 6. Nf3 d6 7. d3 h6 8. Rb1
O-O 9. O-O e5 10. Nd2 Qd7 11. Qc2 b6 12. Ne4 Ne8 13. f4 f5 14. Nf2 exf4 15.
gxf4 Bb7 16. Kh1 Rf6 17. Rg1 Na5 18. Bxb7 Nxb7 19. Rg2 Qf7 20. Bb2 Re6 21. Rbg1
Nc5 22. Nd1 Rd8 23. Ba3 Nd7 24. Qd2 Nf8 25. Qe1 c5 26. Qf1 Qb7 27. Bc1 Rd7 28.
Ne3 Rf7 29. Nd5 Nf6 30. Qf3 Nxd5 31. cxd5 Re8 32. c4 g6 33. Bb2 Kh7 34. h4 Qe7
35. h5 Qh4+ 36. Rh2 Qe7 37. hxg6+ Nxg6 38. Qh5 1-0

[Event "?"]
[Site "?"]
[Date "2011.06.03"]
[Round "3.26"]
[White "Krebs, Thomas"]
[Black "Sibahn, Mirko"]
[Result "1-0"]
[WhiteElo "1621"]
[BlackElo "1779"]
[PlyCount "75"]
[EventDate "2011.??.??"]

1. d4 d5 2. Nf3 e6 3. g3 c5 4. e3 Nc6 5. Bg2 Nf6 6. O-O Bd6 7. b3 O-O 8. Bb2 c4
9. c3 b5 10. b4 e5 11. dxe5 Nxe5 12. Nxe5 Bxe5 13. Qc2 Bb7 14. Rd1 Qe7 15. Nd2
Bc7 16. Nf3 a5 17. a3 a4 18. Nd4 Ba6 19. Re1 Ne4 20. f3 Nf6 21. Rad1 Rae8 22.
Re2 Qe5 23. Rde1 Qh5 24. e4 dxe4 25. fxe4 Nd7 26. Bc1 Ne5 27. Bf4 f6 28. Bxe5
fxe5 29. Nf5 Bb6+ 30. Kh1 Rd8 31. Ne7+ Kh8 32. Nd5 Qg6 33. Qc1 Rf7 34. Rf1 Rdf8
35. Rxf7 Rxf7 36. Qd1 Bd8 37. Bh3 Qh5 38. Nf4 1-0

[Event "?"]
[Site "?"]
[Date "2011.06.03"]
[Round "3.27"]
[White "Zeitler, Waldemar"]
[Black "Wohlfahrt, Michael"]
[Result "0-1"]
[WhiteElo "1585"]
[BlackElo "1761"]
[PlyCount "92"]
[EventDate "2011.??.??"]

1. d4 d5 2. Nc3 Nf6 3. f4 Bf5 4. Nf3 h6 5. h3 Ne4 6. e3 Ng3 7. Rg1 e6 8. Bd3 c6
9. a3 Be7 10. Ne2 Bxd3 11. cxd3 Bh4 12. Nxg3 Bxg3+ 13. Ke2 Nd7 14. Bd2 g5 15.
Ne5 gxf4 16. exf4 Nxe5 17. fxe5 Qb6 18. Bc3 O-O-O 19. Rf1 Rd7 20. Rf3 Rg8 21.
Qf1 Rg7 22. b4 h5 23. a4 h4 24. a5 Qd8 25. Bd2 a6 26. Rf6 Qg8 27. Kd1 Rg6 28.
Kc2 Qg7 29. Qf3 Rxf6 30. Qxf6 Qxf6 31. exf6 Rd8 32. Bh6 Rh8 33. Bg7 Rh5 34. Rf1
Kd7 35. Rf3 e5 36. Re3 Bf2 37. Re2 Bxd4 38. Bf8 Rf5 39. Bc5 Bxc5 40. bxc5 Ke6
41. Kc3 Rf4 42. Rb2 Ra4 43. Rxb7 Rxa5 44. Kb4 Rb5+ 45. Rxb5 axb5 46. Ka5 e4 0-1